Central Library OPAC University of Rajshahi

Computer-based industrial control / (Record no. 18863)

MARC details
000 -LEADER
fixed length control field 00762nam a22002657a 4500
001 - CONTROL NUMBER
control field 18863
003 - CONTROL NUMBER IDENTIFIER
rucl marc code BD-RjUL
005 - DATE AND TIME OF LATEST TRANSACTION
control field 20211209000339.0
008 - FIXED-LENGTH DATA ELEMENTS--GENERAL INFORMATION
fixed length control field 140222s20081997ii ||||| |||| 001 0 eng d
020 ## - INTERNATIONAL STANDARD BOOK NUMBER
International Standard Book Number 9788120311237
International Standard Book Number 812031123X
035 ## - SYSTEM CONTROL NUMBER
System control number (BD-RjUL)18921
040 ## - CATALOGING SOURCE
Original cataloging agency BD-RjUL
Language of cataloging eng
Transcribing agency BD-RjUL
041 ## - LANGUAGE CODE
Language code of text/sound track or separate title eng
082 ## - DEWEY DECIMAL CLASSIFICATION NUMBER
Edition number 20
Classification number 670.4275
Author mark and year KAC 2008
100 ## - MAIN ENTRY--PERSONAL NAME
Personal name Kant ,Krishna
Fuller form of name Krishna Kant
9 (RLIN) 58174
245 ## - TITLE STATEMENT
Title Computer-based industrial control /
Statement of responsibility, etc. Krishna Kant.
260 ## - PUBLICATION, DISTRIBUTION, ETC. (IMPRINT)
Place of publication, distribution, etc. New Delhi :
Name of publisher, distributor, etc. Prentice-Hall of India,
Date of publication, distribution, etc. 1997.
300 ## - PHYSICAL DESCRIPTION
Pagination xiii, 522 p. :
Illustrations ill. ;
Size 24 cm.
504 ## - BIBLIOGRAPHY, ETC. NOTE
Bibliography, etc Includes index.
650 ## - SUBJECT ADDED ENTRY--TOPICAL TERM
Source of heading or term Process control.
Source of heading or term Programmable controllers
651 ## - SUBJECT ADDED ENTRY--GEOGRAPHIC NAME
Materials specified Automation.
942 ## - ADDED ENTRY ELEMENTS (KOHA)
Source of classification or shelving scheme Dewey Decimal Classification
Koha item type Books
Holdings
Lost status Source of classification or shelving scheme Damaged status Not for loan Collection code Permanent Location Current Location Shelving location Date acquired Source of acquisition Cost, normal purchase price Total Checkouts Full call number Date last seen Copy number Koha item type
  Dewey Decimal Classification     Fiction Central Library, University of Rajshahi Central Library, University of Rajshahi   10/09/2010 Paragon Enterprises 325.00   670.4275 KAC 2008 22/02/2014 C-3 Books
  Dewey Decimal Classification     Non-fiction Central Library, University of Rajshahi Central Library, University of Rajshahi   22/09/2010 Dhaka,Paragon Enterprise Lit., 325.00   670.4275 KAC 2008 13/11/2016 C-2 Books
  Dewey Decimal Classification   Not For Loan Non-fiction Central Library, University of Rajshahi Central Library, University of Rajshahi Reading Room 22/09/2010 Paragon Enterprise ltd., Dhaka 325.00   670.4275 KAC 2008 03/05/2017 C-1 Books
  Dewey Decimal Classification     Non-fiction Central Library, University of Rajshahi Central Library, University of Rajshahi   22/09/2010 Paragon Interprise , Dhaka. 325.00   670.4275 KAC 2008 14/11/2019 C-4 Books
  Dewey Decimal Classification     Non-fiction Central Library, University of Rajshahi Central Library, University of Rajshahi   22/09/2010 Paragon Interprise , Dhaka. 325.00   670.4275 KAC 2008 14/11/2019 C-5 Books